00888nam a22002175i 4500001000700000003000900007005001700016008004100033020001800074080003000092100005600122245008500178260003200263300002200295490004900317600006800366830005700434852003700491999001900528952012300547176347ES-MaACL20231218202343.0110111s1978 sp |||| | spa d a84-277-0348-1 a929 Unamuno, Miguel de:321 aGómez Molleda, María Dolores,d1922-201795805310aUnamuno socialista b: páginas inéditas de D. Miguel / cD. Gómez Molleda. aMadrid : bNarcea, c[1978] a156 p. ; c18 cm.1 aBitácora. Biblioteca del estudiante ; v6514aUnamuno, Miguel de,d1864-1936-xPensamiento político91119881 aBitácora. Biblioteca del estudiante ; v659181903 aES-MaACLjE-13991 xOlim P-1892 c176347d176347 00104070aATENEOMbATENEOMcDEPO2d2011-01-11eDONl0oE-13991p1185205r2023-02-23 00:00:00w2023-02-23yMONOGRAFIA